[Event "Paris Apsap op 69th"]
[Site "Paris"]
[Date "2003.12.30"]
[Round "5"]
[White "Debray, Christopher"]
[Black "Israeli, Chen"]
[Result "1-0"]
[WhiteElo "2102"]
[BlackElo "1570"]
[PlyCount "51"]
[EventDate "2003.12.31"]
[EventType "swiss"]
[EventRounds "7"]
[EventCountry "FRA"]
[SourceTitle "EXT 2005"]
[Source "ChessBase"]
[SourceDate "2004.11.15"]
[SourceVersion "1"]
[SourceVersionDate "2004.11.15"]
[SourceQuality "1"]

1. e4 d6 2. d4 Nf6 3. Nc3 g6 4. f3 Bg7 5. Be3 0-0 6. Qd2 Nbd7 7. h4 c5 8. Nge2 Qa5 9. g4 cxd4 10. Nxd4 Ne5 11. h5 Qb4 12. 0-0-0 Be6 13. hxg6 Nxg6 14. Bh6 Rfc8 15. Bxg7 Kxg7 16. Qh6+ Kg8 17. g5 Rxc3 18. gxf6 exf6 19. Qxh7+ Kf8 20. Nxe6+ fxe6 21. Qxg6 Rxc2+ 22. Kxc2 Qa4+ 23. Kd2 Qd4+ 24. Ke1 Qe3+ 25. Be2 d5 26. Rh7 1-0